00366nam a2200121 a 450000500170000000800410001705000220005824500130008026000690009330000110016252000590017365000120023220140513081049.0020906s19uu xx 00 eng d aP 595.7bINS 2000 aInsects. aJohannesburg, South Africa :bThe Chart Studio (Pty) Ltd,c2000. aPoster aInsects are small six legged animals with no backbone. aInsects